Skoczkowie z największą ilością zwycięstw w PŚ - Statystyki

Ogólne statystyki
  • Ten quiz został rozwiązany 175 razy
  • Średni wynik to 26 z 69
Statystyki odpowiedzi
Państwo Liczba zwycięstw Skoczek % Poprawnych
Polska 35 Stoch
99%
Polska 39 Małysz
97%
Finlandia 36 Ahonen
89%
Japonia 16 Kobayashi
87%
Austria 17 Kraft
87%
Słowenia 22 Prevc
87%
Słowenia 5 Prevc
87%
Japonia 17 Kasai
83%
Polska 4 Kubacki
83%
Szwajcaria 23 Ammann
82%
Austria 53 Schlierenzauer
77%
Austria 23 Morgenstern
70%
Finlandia 46 Nykanen
69%
Niemcy 22 Freund
65%
Niemcy 28 Schmitt
64%
Niemcy 8 Freitag
59%
Czechy 6 Janda
55%
Norwegia 7 Tande
55%
Austria 18 Hannawald
54%
Japonia 4 Ito
54%
Czechy 5 Koudelka
53%
Aistria 12 Kofler
52%
Niemcy 4 Geiger
51%
Japonia 15 Funaki
49%
Słowenia 15 Peterka
48%
Norwegia 7 Bardal
46%
Niemcy/NRD 33 Weissflog
46%
Słowenia 7 Kranjec
41%
Austria 20 Goldberger
40%
Austria 4 Loitzl
40%
Finlandia 16 Hautamaki
38%
Norwegia 10 Jacobsen
38%
Austria 5 Koch
36%
Japonia 5 Okabe
33%
Włochy 6 Cecon
31%
Japonia 9 Harada
28%
Norwegia 8 Romoren
28%
Szwajcaria 5 Kuttel
26%
Austria 25 Felder
25%
Norwegia 4 Fannemel
22%
Austria 5 Haybock
22%
Niemcy 18 Widdholzl
21%
Finlandia 9 Nieminen
20%
Norwegia 8 Bredesen
18%
Austria 13 Kogler
17%
Austria 8 Hollwarth
15%
Czechy 4 Sakala
15%
Szwecja 5 Boklov
14%
Niemcy 12 Thoma
14%
Austria 8 Neuper
13%
Jugosławia 9 Ulaga
13%
Finlandia 9 Nikkola
12%
Norwegia 6 Pettersen
12%
Austria 15 Vettori
11%
Czechosłowacja 10 Ploc
10%
Kanada 13 Bulau
9%
Norwegia 7 Opaas
8%
Finlandia 4 Soininen
7%
Norwegia 9 Ruud
6%
Czechosłowacja 4 Jez
4%
Finlandia 5 Laitinen
4%
Szwajcaria 4 Zund
4%
Japonia 4 Akimoto
3%
Norwegia 4 Bergerud
3%
Norwegia 6 Bremseth
3%
Norwegia 4 Fidjestol
3%
Finlandia 5 Puikkonen
3%
Austria 6 Rathmayr
3%
Norwegia 11 Ljokelskoy
0%
Nie znaleziono quizów pasujących do podanych kryteriów
Rozkład punktacji
Procent ludzi z każdym wynikiem
Percentyl według liczby udzielonych odpowiedzi
Twoja historia wyników
Nie rozwiązałeś tego quizu